Últimos Máximos Asistentes FC Barcelona - Estadísticas

Estadísticas generales
  • Esta prueba ha sido intentada 22 veces
  • La puntuación promedio es 7 de 10
Estadísticas de respuestas
Respuesta % Correcto
Lionel Messi
95%
Andres Iniesta
90%
Xavi Hernandez
90%
Lamine Yamal
81%
Luis Suarez
76%
Raphinha
67%
Ronaldinho
57%
Cesc Fabregas
33%
Deco
33%
Ousmane Dembele
33%
No se encontraron pruebas coincidentes
Distribución de puntuación
Porcentaje de gente con cada puntuación
Porcentaje por número respondido
Historial de tus puntuaciones
No has intentado esta prueba.